Busiest Airports in the United States - Statistics

General Stats
  • This quiz has been taken 79 times
  • The average score is 55 of 63
Answer Stats
State Airport Enplanements (2023) % Correct
Texas Dallas Fort Worth International Airport (DFW) 39,246,212
100%
Texas Dallas Love Field (DAL) 8,559,052
100%
Nevada Harry Reid International Airport (LAS) 27,896,199
100%
Georgia Hartsfield-Jackson Atlanta Internatonal Airport (ATL) 50,950,068
100%
New York John F. Kennedy International Airport (JFK) 30,804,355
100%
California Los Angeles International Airport (LAX) 40,956,673
100%
Florida Miami International Airport (MIA) 24,717,048
100%
Illinois O'Hare International Airport (ORD) 35,843,104
100%
Florida Orlando International Airport (MCO) 28,033,205
100%
Hawaii Daniel K. Inouye International Airport (HNL) 10,149,761
99%
Colorado Denver International Airport (DEN) 37,863,967
99%
New York LaGuardia Airport (LGA) 16,173,073
99%
Massachusetts Logan International Airport (BOS) 19,962,678
99%
Louisiana Louis Armstrong New Orleans International Airport (MSY) 6,309,212
99%
Pennsylvania Philadelphia International Airport (PHL) 13,656,189
99%
California San Diego International Airport (SAN) 12,190,183
99%
California San Francisco International Airport (SFO) 24,191,159
99%
Washington Seattle - Tacoma International Airport (SEA) 24,594,210
99%
Michigan Detroit Metropolitan Airport (DTW) 15,378,601
97%
Texas George Bush Intercontinental Airport (IAH) 22,228,844
97%
Illinois Midway International Airport (MDW) 10,659,520
97%
Utah Salt Lake City International Airport (SLC) 12,905,368
97%
Texas William P. Hobby Airport (HOU) 6,800,329
97%
Texas Austin-Bergstrom International Airport (AUS) 10,833,443
96%
Minnesota Minneapolis-St Paul International Airport (MSP) 17,019,128
96%
Tennessee Nashville International Airport (BNA) 11,227,243
96%
Arizona Phoenix Sky Harbor International Airport (PHX) 23,880,504
96%
Maryland Baltimore/Washington International Airport (BWI) 12,849,721
94%
Florida Tampa International Airport (TPA) 11,677,632
94%
Ohio Cleveland Hopkins International Airport (CLE) 4,803,822
93%
Oregon Portland International Airport (PDX) 8,123,054
93%
North Carolina Charlotte Douglas International Airport (CLT) 25,896,224
91%
Ohio Cincinnati/Northern Kentucky International Airport (CVG) 4,287,722
91%
Indiana Indianapolis International Airport (IND) 4,788,376
91%
Tennessee Memphis International Airport (MEM) 2,399,876
91%
New Jersey Newark Liberty International Airport (EWR) 24,575,320
91%
District of Columbia Ronald Reagan Washington National Airport (DCA) 12,365,030
91%
Alaska Ted Stevens Anchorage International Airport (ANC) 2,681,818
91%
Missouri Kansas City International Airport (MCI) 5,654,068
90%
Pennsylvania Pittsburgh International Airport (PIT) 4,493,052
90%
District of Columbia Dulles International Airport (IAD) 12,073,571
88%
Florida Jacksonville International Airport (JAX) 3,619,739
88%
Wisconsin Milwaukee Mitchell International Airport (MKE) 2,959,840
87%
California Sacramento International Airport (SMF) 6,371,910
87%
South Carolina Charleston International Airport (CHS) 3,032,768
86%
Ohio John Glenn Columbus International Airport (CMH) 4,095,189
86%
California Norman Y. Mineta San Jose International Airport (SJC) 5,958,855
86%
North Carolina Raleigh-Durham International Airport (RDU) 7,119,040
86%
New Mexico Albuquerque International Sunport (ABQ) 2,605,163
84%
Idaho Boise Airport (BOI) 2,369,164
84%
Florida Fort Lauderdale-Hollywood International Airport (FLL) 17,063,063
84%
Missouri St. Louis Lambert International Airport (STL) 7,307,561
84%
Virginia Richmond International Airport (RIC) 2,399,239
83%
Nebraska Eppley Airfield (OMA) 2,464,418
81%
Texas San Antonio International Airport (SAT) 5,336,684
81%
Connecticut Bradley International Airport (BDL) 3,122,212
75%
California Oakland International Airport (OAK) 5,520,812
75%
California John Wayne Airport (SNA) 5,706,332
59%
Florida Palm Beach International Airport (PBI) 3,815,977
52%
California Ontario International Airport (ONT) 3,181,161
42%
California Hollywood Burbank International Airport (BUR) 3,132,029
41%
Hawaii Kahului Airport (OGG) 3,745,866
38%
Florida Southwest Florida International Airport (RSW) 4,963,269
29%
No matching quizzes found
Score Distribution
Percent of People with Each Score
Percentile by Number Answered
Your Score History
You have not taken this quiz